| 000 | 00774nam a22002777a 4500 | ||
|---|---|---|---|
| 003 | CHAP | ||
| 005 | 20220329133801.0 | ||
| 008 | 971013s1978 r 00010 d | ||
| 010 | _a10851 | ||
| 011 | _a11823 | ||
| 035 | _a11239 | ||
| 040 | _cCHAP | ||
| 082 |
_a335.412 _bM32Y |
||
| 100 | 0 | 0 |
_aMarx, Karl. _972726 |
| 245 | _aContribución a la crítica de la economía política | ||
| 260 |
_aMéxico : _bCultura Popular, _c1978 |
||
| 300 | _a173 p. | ||
| 490 | _aBiblioteca marxista | ||
| 590 |
_aBATCH-UPD _b10 _c20130110 _lUCH01 _h1550 |
||
| 590 |
_aCONVERSION _b10 _c20130109 _lUCH01 _h1307 |
||
| 650 | 1 | 4 |
_aMarxismo. _972728 |
| 830 | 0 |
_aBiblioteca marxista _912410 |
|
| 901 | _aBK | ||
| 942 | _cLIBRO | ||
| 949 |
_a335.412 M32Y _bBC _cLIBRO _d-23312 _eLIBRO _i11239 _si |
||
| 999 |
_c10851 _d10851 |
||